00317nam a2200121Ia 4500008004100000041000800041082001500049100001800064245003300082260004100115300003200156365000700188240624s9999 xx 000 0 und d aeng a793.73 OBR aO BRIEN DEREK aPENGUIN LANDMARK QUIZ BOOK 2 c2006aNew DelhibPenguin Books India aviii, : 192 : p. : cm. ; 25 cRS